000 01214cam a2200265 a 4500
001 3319078
005 20220326193303.0
008 840918s1983 lau b 000 0 eng
010 _a 84128276
020 _a096032125X (pbk.) :
_c$6.00
040 _aDLC
_cDLC
_dDLC
043 _acl-----
082 0 0 _a016.709.8
_bK96b
100 _aMonica E. Kupfer (Editor)
_91571
110 2 _aHoward-Tilton Memorial Library.
_91572
245 1 2 _aA bibliography of contemporary art in Latin America :
_bbooks, articles, and exhibition catalogs in the Tulane University Library, 1950-1980 /
_ccompiled by Monica E. Kupfer.
260 _aNew Orleans, La. :
_bCenter for Latin American Studies and Howard-Tilton Memorial Library, Tulane University,
_c1983.
300 _ax, 97 leaves ;
_c28 cm.
505 _tIntroduction
_tSources of information
_tThe Criteria For entries
_tExplanation of sections and entries
_tPreface
_tAcknowledgments
610 2 0 _aHoward-Tilton Memorial Library.
_91573
650 0 _aArt, Latin American
_y20th century
_vBibliography.
_91574
700 1 _aKupfer, Monica E.
_931
710 2 _aTulane University.
_bCenter for Latin American Studies.
_91575
906 _a7
_bcbc
_corignew
_d2
_encip
_f19
_gy-gencatlg
999 _c333
_d333